000 00877nam a2200181Ia 4500
003 GCL
008 140319s9999 xx 000 0 ara d
040 _aGCL /
_cGCL
082 0 4 _a811.4
_bا ا
100 1 _aابن منظور : جمال الدين ابو الفضل محمد بن مكرم بن على بن احمد بن ابى القاسم بن حبقة الانصارى المصرى
245 1 0 _aابونواس : فى تاريخة شعره ومباذلة وعبثه ومجونه /
_cابن منظور : جمال الدين ابو الفضل محمد بن مكرم بن على بن احمد بن ابى القاسم بن حبقة الانصارى المصرى
260 _aبيروت :
_bدار الجيل ،
_c1987
300 _a259 ص ؛
_c24 سم
490 _a
650 0 4 _aابونواس، الحسن بن هانى
650 0 4 _aالشعراء
942 _2ddc
_cBK
999 _c33693
_d33693